|
|
|
|
| LEADER |
00000nam0a2200000 4500 |
| 001 |
237773 |
| 005 |
20231101231548.0 |
| 010 |
|
|
|a 5170231059
|
| 010 |
|
|
|a 5-9577-12035
|
| 035 |
|
|
|a (RuTPU)RU\TPU\book\258948
|
| 035 |
|
|
|a RU\TPU\book\135043
|
| 090 |
|
|
|a 237773
|
| 100 |
|
|
|a 20130517d2004 m y0rusy50 ca
|
| 101 |
1 |
|
|a rus
|c pol
|
| 102 |
|
|
|a RU
|
| 105 |
|
|
|a y z 000ay
|
| 200 |
1 |
|
|a Башня шутов
|e [фантастический роман]
|f А. Сапковский
|
| 210 |
|
|
|a Москва
|c АСТ
|c Ермак
|d 2004
|
| 215 |
|
|
|a 699 с.
|c ил.
|
| 225 |
1 |
|
|a Золотая серия фэнтези
|
| 330 |
|
|
|a Анджей Сапковский. Автор, чьи произведения в нашей стране не уступают популярностью Властелину Колец . Писатель, создавший «Ведьмака». Теперь легендарный циклзакончен. Мы расстались с Геральтом, Цири и Йеннифер... но Мастер дарит нам новую сагу — САГУ О РЕЙНЕВАНЕ! В лето Господне 1420 конец света... НЕ НАСТУПИЛ. Не был освобожден из заточения Сатана. Не сгорел и не погиб мир. Ну, во всяком случае — не весь. Но все равно — было ВЕСЕЛО.
|
| 606 |
1 |
|
|a Польская литература
|2 stltpush
|3 (RuTPU)RU\TPU\subj\50785
|9 69434
|
| 610 |
1 |
|
|a романы
|
| 610 |
1 |
|
|a фэнтези
|
| 610 |
1 |
|
|a историческая фантастика
|
| 675 |
|
|
|a 884
|v 3
|
| 700 |
|
1 |
|a Сапковский
|b А.
|g Анджей
|
| 801 |
|
1 |
|a RU
|b 63413507
|c 20071107
|g PSBO
|
| 801 |
|
2 |
|a RU
|b 63413507
|c 20130523
|g PSBO
|
| 942 |
|
|
|c BK
|